000 01180nam a22002057a 4500
999 _c60149
_d60149
003 Ge_BSU
005 20230613120548.0
008 230613s1995 ge ||||| |||| 00| 0 geo d
041 _ageo
080 _a271.22-726.3(479.22) მ-96
245 _aმღვდელი სიმონ მჭედლიძე /
_c[გამომც.-რედ.: დამანა მელიქიშვილი; დაიბეჭდა ილია II-ის ლოცვა-კურთხევით].
264 _aთბილისი :
_bგულანი,
_c1995.
300 _a104 გვ. ;
_b20 სმ.
490 _aახალმოწამენი
500 _aდაიბეჭდა საქართველოს კათოლიკოს პატრიარქის უწმინდესისა და უნეტარესის ილია II ლოცვა-კურთხევით
653 _aმჭედლიძე, სიმონ
653 _aქართველი სამღვდელოება
700 _aმელიქიშვილი, დამანა
_eრედაქტორი
_98281
942 _2udc
_cBK